| 000 | 00920nam0a22002651 4500 | ||
|---|---|---|---|
| 001 | rc\228929 | ||
| 005 | 20260405203559.0 | ||
| 035 | _a(NLR Aleph) 005485849 | ||
| 090 |
_a5156663 _c5156663 |
||
| 100 | _a20030307d1990 |||y0rusy50 ca | ||
| 101 | 0 | _arus | |
| 102 | _aRU | ||
| 105 | _aa ||||||||| | ||
| 200 | 1 |
_aЛиберея раритетов _eПовесть _fБорис Васильев _gХудож. А.С. Кривенко |
|
| 210 |
_aМ. _cБ. и. _d1990 |
||
| 215 |
_a78, [2] с. _cил. _d19 |
||
| 225 | 1 |
_aЩит и меч _eБ-чка журн. "Сов. милиция" _v3 (63) |
|
| 300 | _aНа обл. только загл. сер. | ||
| 700 | 1 |
_8rus _7ca _aВасильев _bБ. А. _cписатель _gБорис Александрович _3RU\NLR\AUTH\7790982 _973909 |
|
| 801 | 0 |
_aRU _bNLR _gpsbo |
|
| 801 | 1 |
_aRU _bELAR _2rusmarc |
|
| 852 |
_aNLR _j90-4/6896 |
||
| 942 | _cBOOK | ||
| 980 | _aNB | ||